000 01119nam a22002411a 4500
999 _c18443
_d18443
001 18443
003 OSt
005 20260204212405.0
008 180115s2017||||dr ||||||b||||||||||spa||
090 _aDER 2017 D41
100 _aDíaz Yturrino,Claudia Margarita
_esustentante
245 1 _aEl referimiento y su aplicación en la litis sobre Derechos Registrados/Claudia Margarita Díaz Yturrino, Yenny Claudilenia Díaz Yturrino y Johan Manuel del Orbe Hernández ; asesor Jacqueline Inmaculada Ramos Ureña
260 _aCotuí, República Dominicana :
_bUTECO,
_c2017
300 _a70 hojas :
_bIlustraciones ;
_c28cm.
502 _aTrabajo de grado (Licenciatura en Derecho) --Universidad Tecnológica del Cibao Oriental, 2017
504 _aIncluye referencia bibliográfica e índice
650 4 _aLitis
700 1 _aDíaz Yturrino, Yenny Claudilenia
_esustentante
700 1 _aDel orbe Hernández, Johan Manuel
_esustentante
700 1 _aRamos Ureña, Jacquelin Inmaculada
_easesor
830 _aTesis y disertaciones académicas (Universidad Tecnológica del Cibao Oriental)
942 _2LC
_cTH